000 00656nam a2200253Ia 4500
003 OSt
005 20220918165716.0
006 a|||||r|||| 00| 0
007 ta
008 220917b |||||||| |||| 00| 0 eng d
020 _a817041072X
024 _a2,303
037 _cTextual
040 _aARTS
_cARTS
_beng
041 _2eng
_aeng
082 _a2k, M8
100 _aMadan Som Nath
_925225
245 0 _aDictionary of library and information science
260 _aNew Delhi
_bAnmol pub India
_c1988
300 _a93 p.
_ccm.
650 _aLIBRARY SCIENCE
942 _h2k, M8
_cTEXL
_2CC
999 _c130811
_d130811